Successful qualitative research : (Record no. 171742)

MARC details
000 -LEADER
fixed length control field 00970cam a2200265 a 4500
001 - CONTROL NUMBER
control field 17322034
003 - CONTROL NUMBER IDENTIFIER
control field OSt
005 - DATE AND TIME OF LATEST TRANSACTION
control field 20250613145354.0
008 - FIXED-LENGTH DATA ELEMENTS--GENERAL INFORMATION
fixed length control field 250509b |||||||| |||| 00| 0 eng d
020 ## - INTERNATIONAL STANDARD BOOK NUMBER
International Standard Book Number 9781847875822 (Paperback)
040 ## - CATALOGING SOURCE
Original cataloging agency UKMGB
Language of cataloging eng
Transcribing agency NUST
Modifying agency NUST
Description conventions rda
050 00 - LIBRARY OF CONGRESS CALL NUMBER
Classification number H62 BRA
100 1# - MAIN ENTRY--PERSONAL NAME
Personal name Braun, Virginia.
Relator term Author
245 10 - TITLE STATEMENT
Title Successful qualitative research :
Remainder of title a practical guide for beginners /
Statement of responsibility, etc. Virginia Braun and Victoria Clarke.
260 ## - PUBLICATION, DISTRIBUTION, ETC.
Place of publication, distribution, etc. Los Angeles :
Name of publisher, distributor, etc. SAGE,
Date of publication, distribution, etc. ©2013.
300 ## - PHYSICAL DESCRIPTION
Extent xii, 382 pages. :
Other physical details illustrations. ;
Dimensions 24 cm.
336 ## - CONTENT TYPE
Source rdamedia
Content type term text
Content type code txt
337 ## - MEDIA TYPE
Source rdamedia
Media type term unmediated
Media type code n
338 ## - CARRIER TYPE
Source rdamedia
Carrier type term volume
Carrier type code nc
504 ## - BIBLIOGRAPHY, ETC. NOTE
Bibliography, etc. note Includes bibliographical references and index.
650 #0 - SUBJECT ADDED ENTRY--TOPICAL TERM
Topical term or geographic name entry element Qualitative research.
650 #0 - SUBJECT ADDED ENTRY--TOPICAL TERM
Topical term or geographic name entry element Social sciences
General subdivision Research
-- Methodology.
700 1# - ADDED ENTRY--PERSONAL NAME
Personal name Clarke, Victoria
Titles and other words associated with a name (Associate Professor in Sexuality Studies)
Relator term Author
942 ## - ADDED ENTRY ELEMENTS (KOHA)
Source of classification or shelving scheme Library of Congress Classification
Suppress in OPAC No
Koha item type Ordinary Loan Books
Classification part H62.BRA
Call number prefix H
Call number suffix BRA
Holdings
Withdrawn status Lost status Source of classification or shelving scheme Damaged status Not for loan Collection Home library Current library Shelving location Date acquired Source of acquisition Cost, normal purchase price Total Checkouts Full call number Barcode Date last seen Cost, replacement price Price effective from Koha item type Public note
    LCC     NFIC MAIN MAIN GEN 05/09/2025 Book Aid International 50.00   H62 BRA 92004054224 05/09/2025 50.00 05/09/2025 BOOKS Donation